Sheloshah maḥazot / (Record no. 32165)
[ view plain ]
| 000 -LEADER | |
|---|---|
| fixed length control field | 00812cam a22002531a 4500 |
| 001 - CONTROL NUMBER | |
| control field | he 67000341 |
| 003 - CONTROL NUMBER IDENTIFIER | |
| control field | DLC |
| 005 - DATE AND TIME OF LATEST TRANSACTION | |
| control field | 20260227111444.0 |
| 008 - FIXED-LENGTH DATA ELEMENTS--GENERAL INFORMATION | |
| fixed length control field | 850226s1966 is 000 0 hebr |
| 010 ## - LIBRARY OF CONGRESS CONTROL NUMBER | |
| LC control number | he 67000341 |
| 035 ## - SYSTEM CONTROL NUMBER | |
| System control number | (OCoLC)11736302 |
| 040 ## - CATALOGING SOURCE | |
| Original cataloging agency | DLC |
| Transcribing agency | DGW |
| Modifying agency | CU |
| -- | DLC |
| 042 ## - AUTHENTICATION CODE | |
| Authentication code | premarc |
| 050 00 - LIBRARY OF CONGRESS CALL NUMBER | |
| Classification number | PJ5054.E488 |
| Item number | A19 1966 |
| 100 1# - MAIN ENTRY--PERSONAL NAME | |
| Personal name | Eliraz, Israel. |
| 245 10 - TITLE STATEMENT | |
| Title | Sheloshah maḥazot / |
| Statement of responsibility, etc. | Yiśraʼel Eliraz. |
| 260 ## - PUBLICATION, DISTRIBUTION, ETC. | |
| Place of publication, distribution, etc. | [Israel] : |
| Name of publisher, distributor, etc. | Hotsaʼat agudat ha-sofrim be-Yiśraʼel le-yad hotsaʼat "Masadah", |
| Date of publication, distribution, etc. | 1966. |
| 300 ## - PHYSICAL DESCRIPTION | |
| Extent | 147 p. ; |
| Dimensions | 23 cm. |
| 440 #0 - SERIES STATEMENT/ADDED ENTRY--TITLE | |
| Title | Sifriyat maḳor |
| 505 0# - FORMATTED CONTENTS NOTE | |
| Formatted contents note | 1. Shalosh nashim be-tsahov -- 2. ha-Dov -- 3. Raḥoḳ min ha-yam-raḥoḳ min ha-ḳayits. |
| 740 0# - ADDED ENTRY--UNCONTROLLED RELATED/ANALYTICAL TITLE | |
| Uncontrolled related/analytical title | Shalosh nashim be-tsahov. |
| 740 0# - ADDED ENTRY--UNCONTROLLED RELATED/ANALYTICAL TITLE | |
| Uncontrolled related/analytical title | ha-Dov.GW |
| 740 0# - ADDED ENTRY--UNCONTROLLED RELATED/ANALYTICAL TITLE | |
| Uncontrolled related/analytical title | Raḥoḳ min ha-yam. |
No items available.